000 00618nam a22002057a 4500
008 150601b xxu||||| |||| 00| 0 eng d
020 _a9780028237763
041 1 _aeng
080 _a930.85 RIT
100 _aBragdon, Henry W.
_d1906-1980.
245 0 0 _aHistory of a free nation /
_cHenry W. Bragdon, Samuel P. McCutchen, Donald A. Ritchie.
260 _aNew York :
_bGlencoe/McGraw-Hill,
_cc1996.
300 _a1118 f
_bme il
_c30 cm.
500 _aindex
500 _abibliografi
650 0 _aUnited States
_xHistory.
700 _aMcCutchen, Samuel Proctor,
700 _aRitchie, Donald A.,
942 _2udc
_cBK
999 _c952
_d952